Les 15 pays les plus sûrs du monde - Statistiques

Statistiques générales
  • Ce quiz a été pris 379 fois
  • Le résultat moyen est 11 sur 15
Statistiques - réponses
Pays % Correct
Norvège
88%
Suède
88%
Finlande
86%
Suisse
85%
Japon
84%
Canada
81%
Nouvelle-Zélande
79%
Danemark
78%
Islande
78%
Irlande
73%
Portugal
67%
Autriche
64%
Slovénie
53%
Singapour
50%
République tchèque
45%
Aucun quiz correspondant
Distribution des résultats
% des personnes avec chaque résultat
Percentile par nombre de réponses
Votre historique - résultats
Vous n’avez pas pris ce quiz